Normal view
MARC view
Entry Personal Name
001 - CONTROL NUMBER
- control field: 88534
003 - CONTROL NUMBER IDENTIFIER
- control field: dpl
005 - DATE AND TIME OF LATEST TRANSACTION
- control field: 20260313164016.0
008 - FIXED-LENGTH DATA ELEMENTS
- fixed length control field: 260313|| aca||aabn | a|a d
040 ## - CATALOGING SOURCE
- Original cataloging agency: dpl
- Transcribing agency: dpl
100 ## - HEADING--PERSONAL NAME
- Personal name: टैगोर, रवीन्द्रनाथ
670 ## - SOURCE DATA FOUND
- Source citation: Work cat.: (dpl)215546: टैगोर, रवीन्द्रनाथ, रवीन्द्रनाथ टैगोर की लोकप्रिय कहानियाँ/, 2025
